Top 50 Classement FIFA (23 juin 2025) - Statistiques

Statistiques générales
  • Ce quiz a été pris 208 fois
  • Le résultat moyen est 37 sur 50
Statistiques - réponses
Place Equipe Points % Correct
1 Argentine 1886
100%
3 France 1853
99%
5 Brésil 1776
98%
2 Espagne 1855
97%
12 Maroc 1694
95%
7 Portugal 1750
95%
4 Angleterre 1819
94%
9 Italie 1718
94%
10 Allemagne 1717
92%
36 Algérie 1507
90%
6 Pays-Bas 1752
90%
8 Belgique 1736
89%
15 Japon 1653
88%
16 Etats-Unis 1649
87%
28 Suède 1536
86%
17 Mexique 1647
83%
20 Suisse 1625
82%
13 Uruguay 1979
82%
30 Canada 1532
81%
11 Croatie 1699
81%
35 Russie 1516
81%
14 Colombie 1979
79%
34 Pologne 1517
79%
19 Sénégal 1630
77%
26 Australie 1555
75%
23 Corée du Sud 1575
75%
38 Norvège 1497
75%
21 Danemark 1618
73%
49 Tunisie 1474
69%
27 Turquie 1551
69%
50 Cameroun 1466
68%
40 Grèce 1490
68%
25 Ukraine 1560
68%
32 Egypte 1519
63%
37 Hongrie 1503
63%
22 Autriche 1580
62%
41 Cote d'Ivoire 1487
62%
42 Pérou 1483
62%
46 Slovaquie 1478
62%
44 Ecosse 1480
59%
31 Serbie 1524
58%
24 Equateur 1568
56%
45 Roumanie 1479
55%
39 Tchéquie 1491
55%
43 Nigéria 1481
54%
29 Pays de Galles 1536
53%
48 Paraguay 1476
50%
18 Iran 1637
47%
47 Vénézuela 1477
39%
33 Panama 1518
27%
Aucun quiz correspondant
Distribution des résultats
% des personnes avec chaque résultat
Percentile par nombre de réponses
Votre historique - résultats
Vous n’avez pas pris ce quiz